| 000 | 00501nam a22001817a 4500 | ||
|---|---|---|---|
| 003 | MPLRDC | ||
| 005 | 20220104144102.0 | ||
| 008 | 210129b ||||| |||| 00| 0 eng d | ||
| 082 | _a524.92 DZ 1996 | ||
| 100 | _a独中工委会考试局 | ||
| 245 |
_a1996年第22届高中各科试题总集 _c |
||
| 250 | _a初版 | ||
| 260 |
_a _b马来西亚华校董事联合 _c1996 |
||
| 300 | _b平 | ||
| 490 | _a马来西亚全国华文独中高中统一考试 | ||
| 650 | _a | ||
| 942 |
_cBK _o524.92 DZ 1996 |
||
| 999 |
_c46236 _d46226 |
||